Normal view MARC view
  • Bertoldi, Sandra

Entry Nombre Personal

Number of records used in: 1

001 - NUMERO DE CONTROL

  • campo de control: 53518

003 - IDENTIFICADOR DE NUMERO DE CONTROL

  • campo de control: MX-MxUPN

005 - FECHA Y HORA DE LA ÜLTIMA TRANSACCIÓN

  • campo de control: 20240911101038.0

008 - DATOS DE LONGITUD FIJA

  • campo de control de longitud fija: 240910|| acn||aabn | aaa d

040 ## - FUENTE DE CATALOGACIÓN

  • Agencia original de catalogación: MX-MxUPN
  • Lenguaje de catalogación: spa
  • Agencia de transcripción: MX-MxUPN

100 1# - ENCABEZAMIENTO - NOMBRE PERSONAL

  • Nombre personal: Bertoldi, Sandra

372 ## - CAMPO DE ACTIVIDAD

  • Field of activity: Educación
  • Field of activity: Psicopedagogía

373 ## - GRUPO ASOCIADO

  • Associated group: Universidad Nacional del Comahue
  • Associated group: Universidad Nacional de Entre Ríos

374 ## - OCUPACIÓN

  • Occupation: Profesora
  • Occupation: Psicopedagoga
  • Occupation: Investigadora

670 ## - FUENTE EN LA QUE SE LOCALIZARON DATOS

  • Cita de la fuente: Psicopedagogía : revisión de conceptos y problemas, 2021 :
  • Información localizada: página 185 (Sandra Beroldi. Licenciada en psicopedagogía (UNCO). Magister Scientiae en metodología de la investigación científica (UNER). Doctoranda en educación (UNCO). Profesora de posgrado. Editora e integrante del comité de redacción de la revista Pilquen)

902 ## - CATALOGADOR

  • Catalogador: MaríaRobles/100924